[Event "Match"]
[Site "Ostrava"]
[Date "1998.??.??"]
[Round "?"]
[White "Shirov, Alexei"]
[Black "Hracek, Zbynek"]
[Result "1-0"]
[WhiteElo "2720"]
[BlackElo "2615"]
[Annotator "NN"]
[PlyCount "57"]
[EventDate "1998.11.14"]
[SourceDate "2003.04.06"]

1. e4 {Lukacs: 'Ftacnik'} 1... c6 2. d4 d5 3. e5 Bf5 4. Nc3 Qb6 {Lukacs: 'This
idea doesn't seem too healthy to me. The Q can be chased away by Na4 and c2-c4
will come with a tempo plus.'} 5. Nf3 e6 6. Be2 Nd7 (6... Ne7 7. O-O Nd7 {
- 6...Nd7}) (6... c5 $6 7. O-O Nd7 {- 6...Nd7}) (6... Bg4 7. O-O Ne7 (7... Bxf3
8. Bxf3 Ne7 9. Na4 Qa5 $6 (9... Qc7 $142) 10. b3 {This is White's play anyway.}
10... Nf5 11. c4 b5 $2 {
opening up the position without finishing development is a risky business.} (
11... Nd7) 12. cxb5 cxb5 13. Nb2 Qc3 14. a4 b4 15. Be3 $1 {
This is a nice move finishing development at any rate.} 15... Nxe3 16. fxe3
Qxe3+ (16... Qxb2 17. Rc1 $1 {is the tactical explanation.} 17... Nd7 18. Rf2
Qa3 19. Ra1 $18) 17. Kh1 Be7 18. Rc1 O-O 19. Rc7 Bg5 20. Bg4 $1 a5 21. Rfxf7 $1
$18 {Sherzer-Watson, New York (op) 1987}) 8. Na4 $1 Qc7 9. b3 Nd7 10. c4 {
The position resembles the Gurgenidze System, where White has similar plans.} (
10. Ba3 Ng6) 10... Ng6 11. h3 Bxf3 12. Bxf3 b5 (12... Be7) 13. Nc3 bxc4 14.
bxc4 Be7 15. g3 O-O 16. h4 Bb4 (16... Rfb8 17. h5 Ngf8 18. h6 g6 19. c5 $16 {
with an enormous space advantage, Sutovsky-Magem Badals, Elista (ol) 1998}) 17.
Ne2 (17. Bd2 Qa5 18. Qc2 $14) 17... Ndxe5 18. dxe5 Nxe5 19. Bg2 Nxc4 20. Nf4
$14) 7. O-O Ne7 (7... c5 $6 {
helps only for White, Black has to keep the position closed.} 8. dxc5 Bxc5 9.
Na4 Qc7 10. Nxc5 Qxc5 11. Nd4 Ne7 12. Be3 Qa5 13. b4 Qd8 14. f4 $16 {
Galdunts-Grote, St.Petersburg (op) 1992}) 8. b3 (8. Na4 Qc7 9. b3 $14 (9. Be3
Ng6 10. Ne1 Be7 11. b3 f6 12. f4 O-O-O 13. Nd3 h6 $13 {
Kopmann-Ma.Moeller, Neuwied (op) 1993})) 8... c5 $5 $146 {'?!' Lukacs.  Lukacs:
'Ftacnik: 'Black is trying to prove, that his pieces are located well enough
for opening up the position. White has one obvious advantage in a safe king in
castling location.''} (8... Bg4) (8... a6 {
Shirov-Hracek, Ostrava (mc) 1998 CBM 68}) 9. dxc5 (9. Na4 {
was an other option, for example:} 9... Qc7 10. Nxc5 Nxc5 11. dxc5 Qxc5 12. Nd4
a6 (12... Bg6 13. Be3 $16) 13. Be3 Qc7 (13... Qc3 14. Bd3 Bg6 15. f4 $14) 14.
Bd3 (14. c4 dxc4 15. Rc1 c3)) 9... Nxc5 (9... Qxc5 {
gives White additional tempi:} 10. Nb5 Ng6 (10... Bxc2 $2 11. Qd2 $1 (11. Qd4 {
Ftacnik} 11... Ng6 12. Qxc5 Bxc5 13. Nc7+ Ke7 14. Nxa8 Rxa8 15. Bg5+ f6 16.
exf6+ gxf6 17. Rac1 $14) 11... Nf5 12. Ba3 Qc6 13. Bxf8 Kxf8 14. Rac1 $18) 11.
Be3 $16) 10. Nd4 (10. Be3 Nc6 11. Nb5 $5 (11. Na4 $6 Qa5)) 10... a6 (10... Bg6
$5 {Ftacnik} 11. Be3 Nc6 12. Nxc6 bxc6) 11. Be3 Qd8 (11... Bg6 $5 12. Nxe6 $140
$6 fxe6 13. Na4 Nxa4 14. Bxb6 Nxb6 $15) (11... Qc7 $2 12. Ncb5 $1 axb5 13. Nxb5
Qb6 (13... Qxe5 {Ftacnik} 14. Bxc5 $16) 14. b4 $18 (14. Nd6+ Kd7 15. a3 $16)) (
11... Qa5 12. Qd2 $16) 12. g4 $6 {Lukacs: 'White grabs the |^ on the >>.'} (12.
b4 $6 Nd7 $1 (12... Ne4 $6 13. Nxe4 Bxe4 14. b5 $1 $14) 13. g4 $6 Bg6 14. f4
Rc8 $17) (12. f4 $5 $13) 12... Bg6 (12... Be4 13. f3 $16) 13. f4 {Lukacs: ''!'
Ftacnik. ' Lukacs: 'Ftacnik: 'Shirov plays very sharply, only immediate attack
can take advantage of black's unfinished piece development.''} 13... Ne4 $1 (
13... Be4 14. b4 $1 {White is playing on both wings.} 14... Nd7 15. Nxe4 dxe4
16. c4 $16) (13... Qc8 {Ftacnik} 14. f5 exf5 15. gxf5 Bxf5 16. Nxf5 Nxf5 17.
Qxd5 Be7 (17... Nxe3 18. Qxf7+ Kd8 19. Rad1+ $1 (19. Qxf8+ Rxf8 20. Rxf8+ Ke7
21. Rxc8 Rxc8 22. Kf2 Nxc2 23. Rd1 $11) 19... Nxd1 20. Rxd1+ Nd7 21. e6 Bd6 22.
Qxg7 $16) 18. Rad1 $14) 14. Na4 {'!' Lukacs.} (14. Nxe4 {Ftacnik} 14... Bxe4
15. c4 Qd7 $13) 14... h5 $1 (14... b5 $2 15. Nxb5 axb5 16. Bxb5+ $18) (14... h6
{Ftacnik} 15. f5 $16) 15. f5 $1 (15. gxh5 $6 Nf5) 15... hxg4 16. fxe6 $1 {
Lukacs: 'Ftacnik: 'A masterly move, white concentrates on hitting the weak
spots instead of direct collecting of material.''} (16. fxg6 Nxg6 17. Bxg4 (17.
Qe1 {Ftacnik} 17... Nxe5 18. c4 Qb8 19. Bf4 Nf3+ 20. Rxf3 gxf3 21. Bxb8 f2+ 22.
Qxf2 Nxf2 23. Be5 Ne4 $15) (17. Bf2 $2 Qg5 18. Bxg4 Nxe5 19. h4 Qg6 $19) 17...
Qh4 (17... Nxe5 $13) 18. Qe2 Nxe5 (18... Ng3 $1 19. hxg3 Qxg3+ 20. Qg2 Qxe3+
21. Qf2 Qxf2+ 22. Rxf2 Nxe5 $15) 19. Bf3 Bd6 20. Bxe4 Nc4 $1 $17) 16... g3 $5 {
Lukacs: ''?' Ftacnik. '} (16... f5 $1 17. c4 $5 (17. Bf4 $2 Bh7 $17) (17. exf6
gxf6 18. Bf4 $1 (18. Bxg4 f5 19. Bf3 b5 20. Nb2 Qc7 21. Qe2 Bg7 $17) 18... Bg7
19. c4 $13 dxc4 $140 20. bxc4 f5 21. Nb3 $1 $132) 17... Qc7 $5 (17... g3 18.
hxg3 Nxg3 19. Bf3 $1 Nxf1 20. Qxf1 $44) (17... Rh3 18. Bf4 dxc4 19. bxc4 $13) (
17... Nc6 18. Nxf5 $1 (18. Nxc6 $2 Qh4 19. Bf4 g3 $19) 18... Bxf5 19. Rxf5 Qh4
20. Rxf8+ Rxf8 21. Qxd5 Rf2 22. Qd7+ Kf8 23. Bxf2 Qxf2+ 24. Kh1 g3 25. Qf7+
Qxf7 26. exf7 Nxe5 $11) 18. Rc1 $5 (18. cxd5 $2 Nxd5 19. Nxf5 Qxe5 20. Bf4 Qxe6
21. Nd4 Qf6 22. Bg3 Qg5 $19) 18... g3 19. Bf4 gxh2+ 20. Kg2 $13) (16... fxe6
17. Nxe6 Qd7 18. Bxg4 $18) (16... Rh3 17. exf7+ Bxf7 18. Bf4 $18) (16... f5 $1
$13 {Ftacnik}) 17. exf7+ Bxf7 (17... Kd7 {Ftacnik} 18. Bg4+ $18) 18. h3 $1 (18.
Bg4 $2 gxh2+ 19. Kg2 Ng6 20. e6 Nh4+ 21. Kxh2 Qc7+ 22. Bf4 Ng6+ 23. Kg1 Nxf4
24. exf7+ Qxf7 $19) (18. hxg3 $2 Nxg3) 18... g2 $2 {Lukacs: ''?' Ftacnik. '
Lukacs: 'Ftacnik: 'A very provocative move, that fails to address the problems
of black tangled pieces. Despite dangerous situation Hracek was very much in
play after smarter developing move 18...g5!?''} (18... Rxh3 19. Bg4 $40 (19.
Rxf7 $2 Kxf7 20. Qf1+ Nf2 $1) 19... g2 (19... Rh8 {Ftacnik} 20. Qf3 $18) 20.
Bxh3 gxf1=Q+ 21. Qxf1 $16) (18... Nf2 $1 19. Bxf2 gxf2+ 20. Rxf2 Nc6 $44) (
18... g5 $5 {Ftacnik} 19. Bg4 (19. Bd3 Bg7 20. Bxe4 dxe4 21. Qg4 $13) 19... Bg7
20. Ne6 Bxe6 21. Bxe6 Bxe5 22. Bf7+ Kd7 23. Bxd5 Nf2 $13) 19. Rxf7 $1 {
'+-!' Lukacs.  Lukacs: ''!' Ftacnik. '} (19. Kxg2 {Ftacnik} 19... Qc7 20. Nf5
Qxe5 21. Qd4 Qc7 $17) 19... Kxf7 20. Bg4 $1 $18 Qc7 (20... Ke8 21. Ne6 Qb8 22.
Bb6 Kf7 23. Nc7 $18) (20... g6 21. Qf3+ Kg8 22. Nb6 $1 Qxb6 23. Be6+ Kh7 24.
Qf7+ Bg7 25. Nf5 Qxe3+ 26. Nxe3 Rae8 27. Qf4 $18) 21. Qf3+ Ke8 (21... Kg6 $2 {
Ftacnik} 22. Bf5+ Kf7 23. Be6+ Ke8 24. Bf7+ $18) 22. Be6 $1 {Lukacs: 'Ftacnik:
'Now it becomes clear that something went terribly wrong, the material
relations are losing part of their importance. Black is paralysed and will
lose in few moves because of his haunted king.''} 22... Nc6 (22... Qxe5 23.
Bf7+ $1 (23. Qf7+ Kd8 24. Nc6+ bxc6 (24... Nxc6 25. Qd7#) 25. Bb6+ Qc7 26. Kxg2
$16 (26. Bxc7+ Kxc7 27. Qf4+ Kb7 28. Qe3 Kc7 29. c4 $18)) 23... Kd8 (23... Kd7
24. Nb6+ $18) 24. Rd1 $1 (24. Ne6+ $6 Kd7 25. Nb6+ Kc6 $13 26. Bd4 Qxd4+ 27.
Nxd4+ Kxb6 28. Ne6 $16) 24... Rc8 (24... Nc8 25. Bf4) 25. Ne6+ Kd7 26. Nb6+ Kc6
27. Nxc8 Nxc8 28. Nd8+) (22... Ng6 23. Bxd5 Nc5 24. Qxg2 $1) 23. Bxd5 Nxd4 24.
Qxe4 Ne2+ 25. Kxg2 Qd7 26. e6 Qc7 27. Qg6+ Kd8 28. Rd1 Bd6 29. Bf3 $18 1-0

[Event "It"]
[Site "Beograd"]
[Date "1999.??.??"]
[Round "?"]
[White "Shirov, Alexei"]
[Black "Kramnik, Vladimir"]
[Result "1-0"]
[WhiteElo "2726"]
[BlackElo "2751"]
[Annotator "NN"]
[PlyCount "127"]
[EventDate "1999.??.??"]
[SourceDate "2003.04.06"]

1. e4 e5 2. Nf3 Nf6 3. Nxe5 d6 4. Nf3 Nxe4 5. d4 d5 6. Bd3 Nc6 7. O-O Be7 8.
Re1 Bg4 9. c3 f5 10. Qb3 O-O 11. Nbd2 Na5 12. Qa4 Nc6 13. Bb5 Bh4 $3 $146 14.
g3 (14. Rf1 Nxd2 15. Nxd2 Ne7 $11) 14... Bf6 (14... Nxd2 $2 15. Nxh4 $1 $16)
15. Bxc6 bxc6 16. Qxc6 Re8 $1 $44 (16... Kh8 $145 $5 17. Ne5 Bxe5 18. dxe5 Rb8
$44 {Kramnik,V}) 17. Ne5 (17. c4 $145 $2 Nxd2 18. Rxe8+ Qxe8 19. Qxd5+ Kh8 20.
Nxd2 (20. Bxd2 $2 c6) 20... Rd8 $17) (17. Kg2 Rb8 $44 {Kramnik,V}) 17... Bxe5
18. dxe5 Ng5 (18... Rxe5 $145 $2 19. Nb3 $1 (19. f3 Nxd2 20. Bxd2 Rxe1+ 21.
Rxe1 Bxf3 22. Bg5 Qb8 $1 $11) 19... Re8 20. Bf4 $16) (18... Rb8 $5 {Kramnik,V})
19. f4 (19. h4 $145 Re6 20. Qc5 Nh3+ 21. Kg2 f4 $40) (19. c4 $5 d4 $44 20. Qd5+
$140 Qxd5 21. cxd5 Rad8 {Kramnik,V}) 19... Re6 $6 20. Qc5 Ne4 $2 (20... Nh3+
21. Kg2 $14) 21. Nxe4 dxe4 (21... fxe4 22. c4 $5) 22. Be3 $16 a6 23. Qc4 $2 (
23. Rac1 $1 $16) 23... Qd7 $14 24. Rac1 Rd8 25. Rc2 Qf7 26. Rd2 Rxd2 27. Bxd2
Rb6 $1 28. Qxf7+ Kxf7 {[R 9/j]} 29. b4 $14 (29. b3 $5) 29... Rc6 $6 (29... Rb8)
30. Kf2 Rh6 $6 (30... Ke6) 31. h4 Rc6 $6 32. Ke3 Bh5 $6 (32... Ke6) 33. Kd4 Ke7
34. c4 $16 Bf7 35. Rc1 Rb6 36. Kc5 Be8 37. Be3 Rc6+ 38. Kd5 Rg6 39. Bc5+ $138 (
39. Rg1 $142 $16) 39... Kd7 (39... Kf7 $5 {/\ Bc6, Re6-e8}) 40. Rc3 Bf7+ $1 41.
Kd4 h6 $1 $132 42. a4 Rg4 43. b5 $1 axb5 $1 (43... a5 44. Bf8 Ke8 (44... g5 45.
hxg5 hxg5 46. Bh6 gxf4 47. Bxf4 $18) 45. Ba3 g5 46. hxg5 hxg5 47. Bc1 $18) 44.
a5 $3 (44. axb5 g5 $132) (44. cxb5 g5 45. b6 cxb6 46. Bd6 Ba2 $1 $14) 44... e3
$1 (44... g5 45. a6 gxf4 46. a7 Rg8 47. gxf4 Bxc4 48. Ra3 Ra8 49. Ra6 $1 c6 50.
Ra1 Be2 51. Rg1 Bg4 52. Rxg4 $1 fxg4 53. f5 $18) 45. Rxe3 g5 46. e6+ $1 (46.
cxb5 Be6 $5 $16) 46... Bxe6 47. cxb5 gxf4 48. gxf4 Rxf4+ 49. Ke5 Rc4 (49...
Re4+ 50. Rxe4 fxe4 51. a6 $18) 50. Rd3+ Kc8 51. Kxe6 Rxc5 52. Rd5 $1 $18 Rc4
53. Rxf5 $1 (53. h5 $5) 53... Re4+ (53... Rxh4 54. Rf8+ Kb7 55. a6+ Ka7 56. Rc8
Rc4 57. Kd7) 54. Kd5 Rxh4 55. a6 Ra4 (55... Kb8 56. Rf8+ Ka7 57. Rc8) 56. Rf8+
Kd7 57. Rf7+ Kc8 58. Rf8+ Kd7 59. Ra8 $138 (59. b6 $142 Ra5+ (59... cxb6 60. a7
) (59... c6+ 60. Ke5 Ra5+ 61. Kf6 Rxa6 62. b7) 60. Kc4 Ra4+ 61. Kb5) 59... Ra1
(59... h5 60. a7 h4 61. b6) 60. a7 Rd1+ 61. Ke4 Re1+ 62. Kf3 Ra1 63. b6 cxb6
64. Rh8 1-0

[Event "It"]
[Site "Sarajevo"]
[Date "1999.??.??"]
[Round "?"]
[White "Leko, Peter"]
[Black "Shirov, Alexei"]
[Result "0-1"]
[WhiteElo "2694"]
[BlackElo "2726"]
[Annotator "NN"]
[PlyCount "88"]
[EventDate "1999.??.??"]
[SourceDate "2003.04.06"]

1. e4 {Shirov. Shirov: 'Ftacnik'} 1... c5 2. Nf3 d6 3. d4 cxd4 4. Nxd4 Nf6 5.
Nc3 a6 6. Be3 e5 7. Nb3 Be6 8. f3 Nbd7 9. g4 b5 10. Qd2 Nb6 11. g5 Nfd7 12. f4
$5 $146 (12. Nd5 {- 67/331}) 12... g6 $1 (12... Nc4 $6 13. Bxc4 bxc4 (13...
Bxc4 14. O-O-O $14) 14. f5 $1 cxb3 15. fxe6 fxe6 16. axb3 $14) (12... exf4 13.
Bxf4 $14) 13. O-O-O Nc4 $1 14. Bxc4 (14. Qf2 Nxe3 15. Qxe3 exf4 16. Qxf4 h6 $5)
14... bxc4 15. Nd4 $5 {Shirov: 'Ftacnik: 'Very daring, but white could also
have played strance looking 15.Na1''} (15. Na1 Rb8 $13) 15... exd4 16. Bxd4 f6
$1 (16... Rg8 17. Rhf1 (17. h4 $5 Bg4 18. Rdg1 Bf3 19. Rh3 Bh5 20. Nd5) 17...
Qa5 18. Qg2 $5 $44) 17. gxf6 (17. f5 $5 Bf7 $1 (17... gxf5 {Shirov} 18. exf5
Bxf5 19. Rhf1 Be6 20. gxf6 $13) 18. Bxf6 (18. gxf6 Ne5 $13) 18... Nxf6 (18...
Be7 $5 $13) 19. gxf6 Rb8 $1 (19... Qxf6 $2 20. e5 $3 Qxf5 (20... Qh4 21. Qg2)
21. Rhf1 (21. exd6 {Shirov} 21... Rd8 22. Rhf1 Qd7 23. Rde1+ Be7 24. Ne4 $18)
21... Qh3 22. Kb1 $40) 20. e5 (20. Qd4 {(Shirov) Ftacnik} 20... Qb6 $17) 20...
Qb6 $132) 17... Bh6 $1 (17... Nxf6 $2 18. f5 $1 Bf7 $140 19. Bxf6 Qxf6 {- 17.f5
} 20. e5 $3) 18. f7+ $1 (18. h4 Nxf6 $1 19. h5 gxh5 $1) (18. Qf2 Nxf6 19. Qh4
Bg7) 18... Kxf7 19. Be3 $2 {Shirov: ''?!' Ftacnik. ' Shirov: 'Ftacnik:
'Strange modesty in a very sharp position. It was compulsory to take the rook
with unclear consequences. ''} (19. Bxh8 Qxh8 (19... Qh4 $2 {(Shirov) Ftacnik}
20. Bd4 Bxf4 21. Rdf1 g5 22. Be3 $18) 20. Rhf1 $1 (20. Qxd6 Qb8 $1 21. Rhf1
Qxd6 22. Rxd6 Ke7 $15) (20. Kb1 {(Shirov) Ftacnik} 20... Qb8 21. Rhf1 Qb7 22.
Qxd6 Rb8 $13) 20... Rb8 21. Qxd6 Qc8 22. Nd5 Bf8 23. Qc7 Qxc7 24. Nxc7 Bg4 $13)
19... Bg4 $1 20. Qd5+ Kg7 $1 (20... Be6 21. Qd2) (20... Ke8 {(Shirov) Ftacnik}
21. Rd2 Bg7 22. Qxd6 Bxc3 23. bxc3 $17) 21. Bd4+ (21. Qxd6 Nf6) (21. Rd2 {
(Shirov) Ftacnik} 21... Nf6 22. Qxc4 (22. Qb7+ {Shirov} 22... Qd7 23. Qxd7+
Bxd7 24. Rxd6 Bh3 25. Rd4 Rhe8 26. Rxc4 Bg2 27. Rd1 Re7 $17) 22... Qe7 $15)
21... Nf6 22. Qb7+ Qd7 23. Qxd7+ (23. Bxf6+ Kxf6 24. Rxd6+ Qxd6 25. e5+ (25.
Nd5+ Ke6 26. Nc7+ Kf7 $19) 25... Qxe5 26. Nd5+ (26. Ne4+ Ke6 $19) 26... Qxd5
27. Qxd5 Rhd8 $5 $17) 23... Bxd7 24. Nd5 (24. Kb1 {(Shirov) Ftacnik} 24... Kf7
(24... Bxf4 {Shirov} 25. Nd5 Be5 26. Bxe5 dxe5 27. Nxf6 $11) 25. e5 Bg4 26.
exf6 Bxd1 27. Rxd1 Bxf4 $19) 24... Rhf8 25. Rhf1 $2 {Shirov: 'Ftacnik:
'Another mistake, now black manages to get a great advantage.''} (25. Kb1 Bg4
26. Nxf6 $1 Rxf6 (26... Bxd1 $4 27. Ng4+) 27. Bxf6+ Kxf6 28. Rxd6+ Ke7 $15)
25... Bh3 $1 26. Rf2 (26. Nxf6 {(Shirov) Ftacnik} 26... Rxf6 27. Bxf6+ Kxf6 28.
Rxd6+ Ke7 $19) 26... Rad8 $17 27. b3 Be6 28. Nxf6 Rxf6 29. Kb2 Kf7 30. Bxf6
Kxf6 {Shirov: 'Ftacnik: 'Two bishops are strong compensation in the fight
against the rook, white has only one spare pawn.''} 31. Kc3 (31. e5+ {
(Shirov) Ftacnik} 31... Ke7 32. c3 cxb3 33. axb3 Rb8 34. exd6+ Kd7 35. b4 Bg7
$1 36. f5 Bxf5 37. Kb3 Be6+ 38. Kc2 Rb6 $19) 31... Rc8 $1 32. Kb4 (32. b4 Ke7
$17) (32. Rxd6 {(Shirov) Ftacnik} 32... cxb3+ 33. Kb2 bxa2 $19) 32... Bf8 33.
Ka5 Rc6 34. Rfd2 (34. b4 {(Shirov) Ftacnik} 34... Be7 $17) 34... Be7 35. Rd4
Bd8+ 36. Ka4 Ke7 37. f5 (37. e5 $5 {(Shirov) Ftacnik} 37... Bc7 38. exd6+ Bxd6
39. b4 $17) 37... gxf5 38. exf5 Bxf5 39. Re1+ Kd7 40. Rxc4 Rxc4+ 41. bxc4 Bxc2+
42. Kb4 Bg6 $1 $19 43. c5 $2 d5 44. c6+ Kd6 0-1

[Event "It"]
[Site "Sarajevo"]
[Date "1999.??.??"]
[Round "?"]
[White "Shirov, Alexei"]
[Black "Topalov, Veselin"]
[Result "1-0"]
[WhiteElo "2726"]
[BlackElo "2700"]
[Annotator "NN"]
[PlyCount "151"]
[EventDate "1999.??.??"]
[SourceDate "2003.04.06"]

1. e4 {Shirov} 1... c5 2. Nf3 d6 3. d4 cxd4 4. Nxd4 Nf6 5. Nc3 a6 6. Be3 Ng4 7.
Bc1 {Shirov: 'After my second round game against Kasparov I wasn't very
convinced about'} (7. Bg5 {Shirov}) 7... Nf6 8. Be2 e5 9. Nb3 Be7 10. O-O O-O
11. Be3 {Shirov: 'I used to employ'} (11. Kh1 {(Shirov) but now decided to go
for the line that Svidler and Short like among others.}) 11... Be6 12. Nd5 Nbd7
13. Qd3 {Shirov: 'The idea is to make quick threats against the d6 pawn (by
exchanging on e7 and putting the rook on d1). Black's reply is now forced.'}
13... Bxd5 14. exd5 Nc5 15. Qd2 Nfe4 16. Qb4 b6 $5 $146 {
Shirov: 'A new and interesting continuation.'} (16... a5 {
(Shirov) was known but it weakens the White squares on the queenside.}) 17. f3
$5 {Shirov: 'Here I thought for some forty minutes. Nothing really attracted
me, for example'} (17. Nxc5 Nxc5 18. a4 a5 $5 19. Qb5 Bg5 $5 20. Bxg5 Qxg5 21.
Qxb6 Qe7 $44) 17... Nf6 18. Qd2 Qd7 $5 {Shirov: 'Now I can repeat the queen's
trip to b4 but already attacking the b6 pawn. An alternative would be'} (18...
Nh5 $5) 19. f4 $1 Nfe4 20. Qb4 Rfb8 $1 21. Nxc5 $6 {
Shirov: 'Losing the touch. I should play'} (21. Bf3 $5) 21... Nxc5 22. fxe5 $6
dxe5 23. Rad1 Bd6 $1 24. Qh4 Rf8 $1 $15 {[/\ f5] Shirov: 'Here I realised that
besides not having any advantage I was also running the risk to get an
inferior position. Now Black wants to play f5 which immediately was not good:'}
(24... f5 {Shirov} 25. b4 Na4 26. Rxf5 $1 Qxf5 27. Bd3 {
and Black is under fire.}) 25. g4 $1 Qa4 $1 26. c4 $1 {Shirov: 'Forced.'} (26.
c3 $2 f5 $1 27. b4 Ne4 $17) 26... Qc2 $6 {Shirov: 'By not taking the pawn
Black also gives White the initiative. It would be extremely difficult to
prove White's compensation after'} (26... Qxa2 $1 27. Rf3 $1 (27. Rd2 $2 Rae8
$17) 27... Qxb2 28. Rh3 h6 $1 (28... Qc2 $6 29. Rd3 $1 (29. Rf1 $2 f6) 29...
Qb1+ (29... h6 30. Bxh6 Qxe2 $2 31. Bxg7 $18) 30. Bf1 h6 31. Bxh6 Nxd3 32. Be3
$40) 29. g5 $1 (29. Bxh6 $2 Qxe2) 29... f6 (29... Be7 30. Qg4 $44) 30. Bg4 $1 (
30. g6 $2 f5) (30. gxh6 $2 Qxe2 31. Re1 (31. Rd2 g5 32. Bxg5 Qf1+ $3 33. Kxf1
fxg5+ 34. Qf2 Ne4 $19) 31... g5 $1 32. Bxg5 Qxe1+ 33. Qxe1 fxg5 $17) 30... fxg5
31. Bxg5 Qc2 $1 (31... Ra7 $2 32. Bxh6 gxh6 33. Qxh6 Qf2+ 34. Kh1 Qf6 35. Qh5
Rff7 36. Rg1 Kf8 37. Rf3 Qg7 38. Bf5 Qf6 39. Rg6 $18) 32. Bxh6 Qh7 33. Be3 Qxh4
34. Rxh4 $15) 27. Rd2 Qe4 28. Qh3 $1 $14 a5 29. b3 {
Shirov: 'White's pieces are now better consolidated so he is not in hurry.'}
29... Qg6 30. Kh1 Qe4+ 31. Kg1 Qg6 32. g5 $1 {
Shirov: 'Probably the best way to keep fighting for the advantage.'} 32... Ne4
33. Bd3 {Shirov: 'The temptation to win his queen was extremely high, so I
didn't realise that'} (33. Bh5 $1 Nxg5 34. Qg4 Nh3+ 35. Kh1 Qxg4 36. Bxg4 Nf4
37. Bxb6 f5 38. Bd1 $14) 33... Nxg5 $8 34. Bxg5 e4 $1 (34... Qxg5+ $4 35. Rg2
$18) 35. Rg2 exd3 36. Bf6 $1 (36. Be7 Bxe7 37. Rxg6 hxg6 38. Qxd3 Bc5+ 39. Kg2
Rae8 $132) 36... gxf6 37. Qxd3 $14 Rae8 38. Rxf6 Bc5+ $1 39. Kh1 (39. Kf1 $4
Re1+ 40. Kxe1 Qxg2 $19) 39... Re3 40. Qd1 (40. Qd2 $5 Rfe8 41. Rf1) 40... Rfe8
$1 41. Rgxg6+ $1 {Shirov: 'Good that the time-trouble ended right before this
move. Otherwise I might have gone for the line'} (41. Rf1 Qxg2+ $1 42. Kxg2
Re2+ 43. Kh1 Bd6 $13 {
Shirov: 'and the immediate draw is the most likely outcome, for instance'} 44.
Qd4 $140 Rxh2+ 45. Kg1 Ree2 (45... Bc5 $5 46. Qxc5 bxc5 47. Kxh2 $13) 46. Qg4+
Kf8 47. Qc8+ Kg7 48. Qg4+ $11) 41... hxg6 42. Rf1 {Shirov: 'So, I gained an
important tempo comparing to the last variation but I also improved his pawn
structure. Black can probably hold this position but I still hoped for
practical chances. And my hopes weren't in vain.'} 42... R8e7 43. Qg4 Kg7 44.
Qh4 f5 $6 (44... Kg8 $1 45. Qf6 Rd3 $44 {Topalov,V}) 45. Rd1 {'!' Shirov. 
Shirov: 'It's extremely important to take the d3 square from Black's rook. Now
his king is more exposed than before, so his chances are mainly in activity.
White is required a high level of precision in his calculations.'} 45... R3e4 (
45... R7e4 $142 46. Qd8 f4 47. Qc7+ $1 $14 Kh6 $140 48. Qf7) 46. Qg3 Kf7 47.
Qb8 $1 Re8 48. Qc7+ R4e7 49. Qg3 (49. Qc6 $5 Rd8 $140 50. a3 $1 (50. d6 $2 Red7
) 50... Rd6 51. Qa4 $16) 49... Re3 50. Qh4 $1 R3e4 51. Qh7+ Kf6 52. Qc7 $1 $16
g5 (52... Re1+ 53. Rxe1 Rxe1+ 54. Kg2 g5 55. Qc6+ $1 Kf7 (55... Ke7 56. Qg6 $1
g4 57. Kg3 $16) 56. d6 $16) 53. Qc6+ Kg7 54. d6 {Shirov: 'Finally this pawn
moves forward. If the tricks don't work, the game should be over for Black.'}
54... g4 55. Rf1 $1 Rf4 (55... Re1 56. Qd7+ $18) 56. Rg1 Bxg1 57. Qxe8 {[Q 5/h]
} 57... Bd4 58. Qe2 $1 {
Shirov: 'In the second time-trouble I nearly overlooked'} (58. Kg2 $2 Rf2+ 59.
Kg3 Rf3+ 60. Kg2 $11 (60. Kh4 $4 Bf6+ 61. Kh5 Rh3#)) 58... Re4 59. Qd2 Kf7 60.
d7 Ke7 61. Qg5+ Kxd7 (61... Ke6 62. d8=N+ $1 $18) 62. Qxf5+ Re6 63. Qxg4 $18 {
Shirov: 'The active pawns are finally taken and the rest is just technic.'}
63... Bc5 64. h4 Ke7 65. Qg7+ Ke8 66. h5 Bf8 67. Qb7 Rf6 68. Kg2 Be7 69. Kg3
Kf8 70. Kg4 Rh6 71. Qa8+ Kf7 72. Qd5+ Kf8 73. Qd2 Rd6 74. Qe3 Kf7 75. c5 bxc5
76. Qxc5 1-0